00313nam a2200133Ia 4500008004100000041000800041082000800049100003800057245002600095250000800121260001900129542001500148650001600163220531s9999 xx 000 0 und d aeng bKOT aKotibhaskar, J. V. \. Shah, P. K. aAdvanced Accountancy. a1ST bSuvicharc1995 d21-07-1995 aAccountancy